000 00587nam a2200193 a 4500
999 _c755
_d755
003 BD-JhCC
005 20171009182608.0
008 171009s1981 bg |||| |||| 00| 0 ben d
035 _a(BD-JhCC)
040 _aBD-JhCC
_dBD-JhCC
041 _aben
082 _a954.9205
_bCHD 1981
100 _aচৌধুরী, শামসুল হুদা
245 _aএকাওরের রণাঙ্গন /
_cশামসুল হুদা চৌধুরী
300 _a640 p. :
_c21 cm.
650 _aLeberation war-1971
_xHistory
_zBangladesh
942 _2ddc
_cBK